000 01129cab a2200349 4500
001 ABS53281
008 090401t1995 xxu||||| |||| 00| 0 eng d
035 _a(Sirsi) u3227
041 _aeng
100 _aNewman, R.
245 _aFair enough?
260 _c1995
350 _a0
490 _aSolicitors` Journal
_v139(25) 30 June 1995, 632-634(3)
520 _aDiscusses the effect that the Unfair Terms in Consumer Contracts Regulations 1994 (SI 1994:3159) will have on every day contracts such as those relating to insurance and mortgages which were not effected by the Unfair Contract Terms Act 1977.
650 _aBANK GUARANTEES
650 _aCONSUMER CONTRACTS
650 _aDEFAULT PROVISIONS
650 _aDEVELOPERS
650 _aEC DIRECTIVE
650 _aFORFEIT OF DEPOSITS
650 _aLENDERS CERTIFICATE
650 _aNOTICE PROVISIONS
650 _aRECEIVERS
650 _aUNFAIR CONTRACT TERMS ACT 1977
650 _aUNFAIR TERMS IN CONSUMER CONTRACTS REGULATIONS 1994
650 _aUNFAIR TERMS
690 _aLAW
700 _aHalperin, C.
942 _n0
948 _c04/03/1997
999 _c1973
_d1973